A history of the twentieth century : volume one: 1900 -1933

Bibliographic Details
Main Author: Gilbert, Martin
Format: Book
Published: London : HarperCollins Publishers , c1997
Subjects:

MARC

LEADER 00000cam a2200000 7i4500
001 0000086995
005 20211108.0
008 211108
020 |a 0002158671 
090 0 0 |a 909.82   |b GIL 
100 1 |a Gilbert, Martin 
245 0 0 |a A history of the twentieth century :   |b volume one: 1900 -1933   |c Martin Gilbert 
260 |a London :   |b HarperCollins Publishers ,   |c c1997 
300 |a 927p 
500 |a Includes Index, Bibliography 
650 0 |a History   |x 20th century 
999 |a 0000827255   |b Book   |c REFERENCE   |e Cawangan Segamat